| 000 | 00904nam a22002177a 4500 | ||
|---|---|---|---|
| 999 |
_c3011 _d3011 |
||
| 003 | AR-CdUCM | ||
| 008 | 190305b ||||| |||| 00| 0 spa d | ||
| 040 |
_aMUNICIPALIDAD PROVINCIAL DEL CUSCO _cBIBLIOTECA MUNICIPAL DEL CUSCO |
||
| 082 |
_a869.56 / _bL719 |
||
| 100 |
_aLienhard, Martin _910283 |
||
| 245 |
_aCultura popular andina y forma novelesca : _bZorros y danzantes en la última novela de Arguedas / |
||
| 260 |
_aLima : _bLatinoamericana Editores, _c1981. |
||
| 300 |
_a212 Páginas ; _c20 cm. |
||
| 505 | _aContenido: La última etapa de José María Arguedas -- Los zorros -- La naturaleza Literaria de los Diarios -- El diario como genero literario -- La intervención del autor en su texto -- La voz del narrador... | ||
| 650 |
_a Arguedas _910284 |
||
| 650 |
_aTradición popular _910285 |
||
| 650 |
_aCostumbres _9230 |
||
| 650 |
_aNovela _9572 |
||
| 942 |
_2ddc _cLIBROS |
||
| 945 | _adavv | ||